1278 1692 1651 1579 1959 1126 1057 1767 1725 1924 1798 1664 1701 1010 1764 1360 1064 1905 1075 1218 1051 1234 1151 1232 1676 1136 1935 1498 1028 1218 1346 1834 1630 1126 1221 1740 1690 1380 1976 1719 1770 1125 1656 1339 1131 1476 1135 1889 1047 1471 1360 1540 1185 1892 1533 1813 1466 1006 1561 1805 1903 1170 1591 1804 1074 1907 1486 1486 1367 1833 1988 1202 1584 1575 1554 1838 1661 1495 1067 1890 1575 1577 1243 1732 1441 1510 1210 1882 1922 1939 1837 1934 1784 1749 1728 1994 1436 1363 1634 BCNSPRNW ULIB Ver.6.0+V

เปลี่ยนเป็นภาษาไทย

Change to English
 แสดงรายละเอียดบรรณานุกรม
  กลับหน้าหลัก

Brief Record : Get Marc (ISO 2709) : E-mail record : QR code < ปิดหน้าต่าง
LEADER : 00000nam 2200000uu 4500
001    13399129040
003     ULIB
008    250528s2562||||th 000 0 tha d
020    ^a9786165652834
060    ^aWG140^bอ646T^cล.2
100 0  ^aองค์การ เรืองรัตนอัมพร, ดำรงค์ สุกิจปัญญาโรจน์, ไพศาล บุญศิริคำชัย,บรรณาธิการ
245 0   ^aThe Electrocardiography :^bself study.^nBook II /^cบรรณาธิการ องค์การ เรืองรัตนอัมพร, ดำรงค์ สุกิจปัญญาโรจน์, ไพศาล บุญศิริคำชัย.
250    ^aพิมพ์ครั้งที่ 1.
260    ^aกรุงเทพฯ :^bบริษัท อมรินทร์พริ้นติ้งแอนด์พับลิชชิ่ง จำกัด (มหาชน),^c2562
260    ^aกรุงเทพฯ :^bราชวิทยาลัยจุฬาภรณ์,^c2562.
300    ^a218 หน้า :^bภาพประกอบ.
505 0  ^aส่วนที่ 1 ภาคทฤษฎี -- ECG คืออะไร -- ทบทวนการอ่านคลื่นไฟฟ้าหัวใจ -- ความหมายการอ่านคลื่นไฟฟ้าหัวใจ -- ศัพท์คำย่อ -- ส่วนที่ 2 แบบฝึกหัด -- ส่วนที่ 3 เฉลยแบบฝึกหัด
505 0  ^aส่วนที่ 1. ภาคทฤษฎี -- ECG คืออะไร -- ทบทวนการอ่านคลื่นไฟฟ้าหัวใจ -- ความหมายการอ่านคลื่นไฟฟ้าหัวใจ -- ศัพท์คำย่อ -- ส่วนที่ 2. แบบฝึกหัด -- ECG 151-160 -- ECG 161-170 -- ECG 171-180 -- ECG 181-190 -- ECG 191-200 -- ECG 201-210 -- ECG 211-220 -- ECG 221-320 -- ECG 231-240 -- ECG 241-250 -- ECG 251-260 -- ECG 261-270 -- ECG 271-280 -- ECG 281-290 -- ECG 291-300 -- ส่วนที่ 3. เฉลยแบบฝึกหัด -- ECG 151-160 -- ECG 291-300.
505 2  ^aภาคทฤษฎี -- แบบฝึกหัด
650  2 ^aElectrocardiography.
650  4 ^aการบันทึกคลื่นไฟฟ้าหัวใจ.
650  4 ^aการบันทึกคลื่นไฟฟ้าหัวใจ.
650  7 ^aการบันทึกคลื่นไฟฟ้าหัวใจ
650  7 ^aการวินิจฉัยด้วยไฟฟ้า
650 0   ^aคลื่นไฟฟ้าหัวใจ^xการพยาบาล
700 0  ^aองค์การ เรืองรัตนอัมพร.
700 0  ^aดำรงค์ สุกิจปัญญาโรจน์.
700 0  ^aไพศาล บุญศิริคำชัย.
945    ^p350^l0^i011657
945    ^p350^l0^i011658
945    ^p350^l0^i011659
945    ^p350^l0^i011660
945    ^p350^l0^i011661
999    ^aประนอม เกษจรัล
รายการนี้ยังไม่มีแท็ก
คุณยังไม่ได้ล็อกอิน คุณสามารถมีกิจกรรมร่วมกับเว็บไซต์ได้ แต่ต้องล็อกอินก่อน ::
  ล็อกอิน

รายการสื่อสารสนเทศ

ลำดับที่ ประเภท เลขเรียก/บาร์โค้ด สถานที่ สถานะ
1. วิทยาศาสตร์การแพทย์ และสุขภาพ
หนังสือสำรอง
สถานะ=หนังสือสำรอง
WG140 อ646T ล.2 ฉ.1 
  Barcode: 011657
ห้องสมุดวิทยาเขตสวรรค์ประชารักษ์
►หนังสือทั่วไป
บนชั้น
2. วิทยาศาสตร์การแพทย์ และสุขภาพ
วิทยาศาสตร์การแพทย์ และสุขภาพ
WG140 อ646T ล.2 ฉ.2 
  Barcode: 011658
ห้องสมุดวิทยาเขตสวรรค์ประชารักษ์
►หนังสือทั่วไป
บนชั้น
3. วิทยาศาสตร์การแพทย์ และสุขภาพ
วิทยาศาสตร์การแพทย์ และสุขภาพ
WG140 อ646T ล.2 ฉ.3 
  Barcode: 011659
ห้องสมุดวิทยาเขตสวรรค์ประชารักษ์
►หนังสือทั่วไป
บนชั้น
4. วิทยาศาสตร์การแพทย์ และสุขภาพ
วิทยาศาสตร์การแพทย์ และสุขภาพ
WG140 อ646T ล.2 ฉ.4 
  Barcode: 011660
ห้องสมุดวิทยาเขตสวรรค์ประชารักษ์
►หนังสือทั่วไป
บนชั้น
5. วิทยาศาสตร์การแพทย์ และสุขภาพ
วิทยาศาสตร์การแพทย์ และสุขภาพ
WG140 อ646T ล.2 ฉ.5 
  Barcode: 011661
ห้องสมุดวิทยาเขตสวรรค์ประชารักษ์
►หนังสือทั่วไป
บนชั้น

รายการใกล้เคียง
    หัวเรื่อง [การบันทึกคลื่นไฟฟ้าหัวใจ]
    หัวเรื่อง [การวินิจฉัยด้วยไฟฟ้า]

BibComment


ยังไม่เคยถูกคอมเมนท์

คอมเมนท์ทรัพยากรรายการนี้
  คอมเมนท์: The Electrocard..


 Copyright 2026. Bcnsprnw @Library